000 00622nam a2200241Ia 4500
003 OSt
005 20220928102007.0
006 a|||||r|||| 00| 0
007 ta
008 220927b |||||||| |||| 00| 0 eng d
024 _a34898
037 _cTextual
040 _aSDCL
_cSDCL
_beng
041 _2eng
_aeng
082 _aO152:g, L2
100 _aShukla Ramlakhan
_9396115
245 0 _aSahitya ki vidhayen.
260 _aGaziabad
_bAmit Prakashan
_c1972
300 _a136p.
_ccm.
490 _aAmit mulyankan.4
942 _hO152:g, L2
_cTEXL
_2CC
999 _c711826
_d711826